| 000 | 02223nam a2200409 a 4500 | ||
|---|---|---|---|
| 001 | ebr10627966 | ||
| 003 | CaPaEBR | ||
| 006 | m u | ||
| 007 | cr cn||||||||| | ||
| 008 | 080317s2008 vaua sb 001 0deng d | ||
| 010 | _z 2008011310 | ||
| 020 | _z9780813927633 (alk. paper) | ||
| 020 | _z9780813930329 (e-book) | ||
| 040 |
_aCaPaEBR _cCaPaEBR |
||
| 035 | _a(OCoLC)825768813 | ||
| 043 |
_an-us--- _an-us-va |
||
| 050 | 1 | 4 |
_aE312.17 _b.T466 2008eb |
| 082 | 0 | 4 |
_a973.4/3092 _222 |
| 100 | 1 |
_aThompson, Mary V., _d1955- |
|
| 245 | 1 | 0 |
_a"In the hands of a good providence" _h[electronic resource] : _breligion in the life of George Washington / _cMary V. Thompson. |
| 260 |
_aCharlottesville : _bUniversity of Virginia Press, _c2008. |
||
| 300 |
_axix, 251 p. : _bill. |
||
| 504 | _aIncludes bibliographical references (p. [229]-242) and index. | ||
| 505 | 0 | _aControversy : a man of many questions -- Foundations : early influences -- Church affiliation : a lifelong Anglican -- Sundays : public worship and time for reflection -- Confirmation and communion : questions about a rite and sacrament of the Church -- Prayer : private devotions -- Evidence of belief : contemporary statements -- Outward actions : charity and toleration -- Church and state : Washington's vision for America -- Conclusions: Washington's and others'. | |
| 533 |
_aElectronic reproduction. _bPalo Alto, Calif. : _cebrary, _d2011. _nAvailable via World Wide Web. _nAccess may be limited to ebrary affiliated libraries. |
||
| 600 | 1 | 0 |
_aWashington, George, _d1732-1799 _xReligion. |
| 600 | 1 | 0 |
_aWashington, George, _d1732-1799 _xPolitical and social views. |
| 600 | 1 | 0 |
_aWashington, George, _d1732-1799 _xFamily. |
| 600 | 3 | 0 | _aWashington family. |
| 650 | 0 |
_aAnglicans _zVirginia _vBiography. |
|
| 650 | 0 |
_aChristianity and politics _zUnited States _xChurch of England _xHistory _y18th century. |
|
| 651 | 0 |
_aVirginia _xReligious life and customs. |
|
| 651 | 0 |
_aChesapeake Bay Region (Md. and Va.) _xReligious life and customs. |
|
| 655 | 7 |
_aElectronic books. _2local |
|
| 710 | 2 | _aebrary, Inc. | |
| 856 | 4 | 0 |
_uhttp://site.ebrary.com/lib/rucke/Doc?id=10627966 _zAn electronic book accessible through the World Wide Web; click to view |
| 999 |
_c50858 _d50858 |
||